00529nam a22001817a 450000500170000000800410001704000070005804100120006508200180007710000140009524500540010926000440016330000260020744000310023365000300026465000370029470000160033120220720125521.0220720b ||||| |||| 00| 0 eng d cAL aEnglish 223a327bKAPW aJ C Kapur aWorld Affairs:The Journal of International Issues aNew DelhibKapur Surya Foundationc2000 a154 p.bPBc24x18 cm. aVol 4 No 2 April-June 2000 aIndia in a Changing World aMoney and the Power of Knowledge aKAPUR (J C)